| 000 -LEADER |
| fixed length control field |
02511cam a2200409 i 4500 |
| 001 - CONTROL NUMBER |
| control field |
19164909 |
| 005 - DATE AND TIME OF LATEST TRANSACTION |
| control field |
20220818092606.0 |
| 008 - FIXED-LENGTH DATA ELEMENTS--GENERAL INFORMATION |
| fixed length control field |
160706t20182018maua 000 0 eng |
| 010 ## - LIBRARY OF CONGRESS CONTROL NUMBER |
| LC control number |
2016031130 |
| 020 ## - INTERNATIONAL STANDARD BOOK NUMBER |
| International Standard Book Number |
978-93-530-6041-1 (hardcover : student edition) |
| 020 ## - INTERNATIONAL STANDARD BOOK NUMBER |
| International Standard Book Number |
0134439023 (hardcover : student edition) |
| 020 ## - INTERNATIONAL STANDARD BOOK NUMBER |
| International Standard Book Number |
9780134439020 (hardcover : instructor's edition) |
| 020 ## - INTERNATIONAL STANDARD BOOK NUMBER |
| International Standard Book Number |
0134439023 (hardcover : instructor's edition) |
| 040 ## - CATALOGING SOURCE |
| Original cataloging agency |
DLC |
| Language of cataloging |
eng |
| Transcribing agency |
DLC |
| Description conventions |
rda |
| Modifying agency |
DLC |
| 042 ## - AUTHENTICATION CODE |
| Authentication code |
pcc |
| 050 00 - LIBRARY OF CONGRESS CALL NUMBER |
| Classification number |
QA303.2 |
| Item number |
.F56 2018 |
| 082 00 - DEWEY DECIMAL CLASSIFICATION NUMBER |
| Classification number |
515,HAS |
| Edition number |
23 |
| 100 1# - MAIN ENTRY--PERSONAL NAME |
| Personal name |
Hass, Joel. |
| 245 10 - TITLE STATEMENT |
| Title |
Thomas' calculus : |
| Remainder of title |
early transcendentals / |
| Statement of responsibility, etc. |
based on the original work by George B. Thomas, Jr., Massachusetts Institute of Technology ; as revised by Joel Hass, University of California, Davis, Christopher Heil, Georgia Institute of Technology, Maurice D. Weir, Naval Postgraduate School. |
| 246 30 - VARYING FORM OF TITLE |
| Title proper/short title |
Calculus : |
| Remainder of title |
early transcendentals |
| 250 ## - EDITION STATEMENT |
| Edition statement |
Fourteenth edition. |
| 264 #1 - PRODUCTION, PUBLICATION, DISTRIBUTION, MANUFACTURE, AND COPYRIGHT NOTICE |
| Place of production, publication, distribution, manufacture |
Boston : |
| Name of producer, publisher, distributor, manufacturer |
Pearson, |
| Date of production, publication, distribution, manufacture, or copyright notice |
[2018] |
| 264 #4 - PRODUCTION, PUBLICATION, DISTRIBUTION, MANUFACTURE, AND COPYRIGHT NOTICE |
| Date of production, publication, distribution, manufacture, or copyright notice |
©2018 |
| 300 ## - PHYSICAL DESCRIPTION |
| Extent |
xvii, 1048: pages |
| Other physical details |
illustrations (some color) ; |
| Dimensions |
29 cm |
| 336 ## - CONTENT TYPE |
| Content type term |
text |
| Content type code |
txt |
| Source |
rdacontent |
| 337 ## - MEDIA TYPE |
| Media type term |
unmediated |
| Media type code |
n |
| Source |
rdamedia |
| 338 ## - CARRIER TYPE |
| Carrier type term |
volume |
| Carrier type code |
nc |
| Source |
rdacarrier |
| 505 ## - FORMATTED CONTENTS NOTE |
| Formatted contents note |
Functions (Page-1), Limits and Continuity (Page-38),Derivatives (Page-102),Applications of Derivatives (Page-183),Integrals (Page-248),Applications of Definite Integrals (Page-314),Transcendental Functions (Page-370),Techniques of Integration (Page-447),First-Order Differential Equations (Page-526),Infinite Sequences and Series (Page-563),Parametric Equations and Polar Coordinates (Page-649),Vectors and the Geometry of Space (Page-700),Vector-Valued Functions and Motion in Space (Page-749),<br/>Partial Derivatives (Page-792),Multiple Integrals (Page-883),Integrals and Vector Fields (Page-955),Second-Order Differential Equations (Online at www.goo.gl/MgDXPY).<br/> |
| 650 #0 - SUBJECT ADDED ENTRY--TOPICAL TERM |
| Topical term or geographic name entry element |
Calculus |
| Form subdivision |
Textbooks. |
| 9 (RLIN) |
4507 |
| 650 #0 - SUBJECT ADDED ENTRY--TOPICAL TERM |
| Topical term or geographic name entry element |
Geometry, Analytic |
| Form subdivision |
Textbooks. |
| 9 (RLIN) |
4508 |
| 700 1# - ADDED ENTRY--PERSONAL NAME |
| Personal name |
Heil, Christopher, |
| Dates associated with a name |
1960- |
| 9 (RLIN) |
18020 |
| 700 1# - ADDED ENTRY--PERSONAL NAME |
| Personal name |
Weir, Maurice D. |
| 9 (RLIN) |
4506 |
| 700 1# - ADDED ENTRY--PERSONAL NAME |
| Personal name |
Thomas, George B., |
| Titles and other words associated with a name |
Jr. |
| Fuller form of name |
(George Brinton), |
| Dates associated with a name |
1914-2006. |
| Title of a work |
Calculus. |
| Relationship information |
Based on (work): |
| 9 (RLIN) |
18045 |
| 906 ## - LOCAL DATA ELEMENT F, LDF (RLIN) |
| a |
7 |
| b |
cbc |
| c |
orignew |
| d |
1 |
| e |
ecip |
| f |
20 |
| g |
y-gencatlg |
| 942 ## - ADDED ENTRY ELEMENTS (KOHA) |
| Source of classification or shelving scheme |
|
| Koha item type |
Book |